| 000 | 00619cab a2200217 4500 | ||
|---|---|---|---|
| 001 | ABS36832 | ||
| 008 | 090401t1986 xxu||||| |||| 00| 0 eng d | ||
| 035 | _a(Sirsi) u546 | ||
| 041 | _aeng | ||
| 110 |
_aAnthony Williams and Partners _93 |
||
| 245 | _aAlhambra Theatre Bradford | ||
| 260 | _c1986 | ||
| 350 | _a0 | ||
| 490 |
_aBuilding _v251 (7464) 26 September 1986, p59-66 (8) |
||
| 520 | _aA study and cost analysis of the refurbishment of Bradford `s Alhambra Theatre. | ||
| 650 | _aREHABILITATION | ||
| 650 | _aTHEATRES | ||
| 690 | _aBUILDING AND CONSTRUCTION-PROJECTS | ||
| 942 | _n0 | ||
| 948 | _c04/03/1997 | ||
| 999 |
_c254 _d254 |
||